000 00294 a2200133 4500
001 152999
040 _cEscola São Tomás de Aquino
100 _aSUGAR
240 1 0 _aBruxa mais fada
_lpor
245 1 0 _aBruxa mais fada
440 1 _aFundamento
697 _a*LITERATURA JUVENIL
942 _cBK
999 _c152999
_d152999